LEADER 01123nam a2200253 u 4500 001 000000024131 003 CaOOAMICUS 005 20070226111322.0 008 950711s1987 it u000 u ita u 035 $a10610235 040 $aPUL(R)$bita 245 00$aArcheologia dell'inferno :$bl'aldilą nel mondo antico vicino-orientale e classico /$ca cura di Paolo Xella ; contributi di G. Scandone Matthiae ... [et al.]. 260 $aVerona :$bEssedue,$c1987. 300 $a307 p. ;$c19 cm 650 4$aArcheologia.$0(OLS)http://pul/subject/9411 650 4$aInferno.$0(OLS)http://pul/subject/12263 700 1 $aScandone Matthiae, Gabriella.$0(OLS)http://pul/name/20224 700 1 $aXella, Paolo.$0(OLS)http://pul/name/20223 850 $aPUL 852 $aPUL$W1$xSL Religione 1$y3$m68 G 20$j33799$nBK-PRI$b $qStampati$B33799$CPULBib$Z2$F33799 $H $81 941 1 $a8 961 $aINV: 55624 996 $6245$aArcheologia dell'inferno :$bl'aldilą nel mondo antico vicino-orientale e classico$9(OLS)http://pul/title/33460 996 $6260$aVerona :$bEssedue$9(OLS)http://pul/publisher/58308 LEADER 01222nam a2200265 a 4500 001 000000104537 003 CaOOAMICUS 005 20070402111051.0 008 070402s2006 it 001 0 ita d 020 $a88-01-03325-7 040 $aPUG$bita$dPUL$dLDA 100 1 $aSegalla, Giuseppe,$csac.,$d1932-2011.$0(OLS)http://pul/name/58522 245 10$aTeologia biblica del Nuovo Testamento.$n3,$pLettera agli Ebrei, Vangeli e Apocalisse, Epilegomeni /$cGiuseppe Segalla. 260 $aTorino :$bEllediCi,$cc.2006. 300 $a615 p. ;$c25 cm 490 1 $aLogos (Elle Di Ci) ;$v008/2 504 $aBibliografia (pp. 15-24) e indice 630 04$aBiblia.$pN.T.$xStudio.$0(OLS)http://pul/subject/9390 830 0$aLogos (Elle Di Ci) ;$v008/2.$0(OLS)http://pul/title/46686 850 $aPUL 852 $aPUL$W1$xSL Religione 1$y3$m10. O. 8 2$j116977$qSTAMPATI$q $B116968$CPULBib$Z2$F116968 $H103369 $81 941 1 $a8 996 $6020$a88-01-03325-7$9(OLS)http://pul/number/134020 996 $6245$aTeologia biblica del Nuovo Testamento.$n3,$pLettera agli Ebrei, Vangeli e Apocalisse, Epilegomeni$9(OLS)http://pul/title/72246 996 $6260$aTorino :$bEllediCi$9(OLS)http://pul/publisher/67120